[Event "ENG-ch U1700 Women"]
[Site "Kenilworth"]
[Date "2025.07.20"]
[Round "5.3"]
[White "Burgess, Rose"]
[Black "Royce, Anastasija"]
[Result "1-0"]
[WhiteElo "1542"]
[BlackElo "1578"]
[PlyCount "121"]
[EventDate "2025.07.18"]
[EventType "swiss"]
[EventRounds "7"]
[EventCountry "ENG"]
[SourceTitle "BritBase"]
[Source "John Saunders"]
[SourceDate "2025.07.24"]
[SourceVersion "1"]
[SourceVersionDate "2025.07.24"]
[SourceQuality "1"]

1. d4 d5 2. Nc3 e6 3. Bf4 Nf6 4. Nb5 Bd6 5. Nxd6+ cxd6 6. e3 h6 7. h3 Nc6 8. Nf3 Qc7 9. Be2 e5 10. Bh2 Bf5 11. c3 a6 12. O-O O-O 13. a3 b5 14. Re1 Rfd8 15. Rc1 Qe7 16. Ra1 Nh7 17. Qb3 Be4 18. Nd2 Na5 19. Qa2 Qe6 20. Nxe4 dxe4 21. Qxe6 fxe6 22. dxe5 dxe5 23. Bxe5 Nb3 24. Rad1 Rd2 25. Rxd2 Nxd2 26. Rd1 Rd8 27. Bd4 Nb3 28. Bb6 Rd5 29. Kf1 Nf6 30. Ke1 Rxd1+ 31. Bxd1 Nc1 32. Bc2 Nd3+ 33. Bxd3 exd3 34. Kd2 Nd7 35. Ba7 Ne5 36. b3 Nc6 37. Bb6 Ne5 38. f4 Nc6 39. Kxd3 Kf7 40. c4 bxc4+ 41. Kxc4 g6 42. Kc5 Ne7 43. e4 Ke8 44. Bc7 Kd7 45. Bd6 Nc8 46. e5 Na7 47. a4 Nc6 48. b4 Nd8 49. b5 Nb7+ 50. Kb6 Nxd6 51. exd6 axb5 52. Kxb5 Kxd6 53. Kb6 g5 54. a5 gxf4 55. a6 e5 56. a7 Kd5 57. a8=Q+ Kd4 58. Qf3 e4 59. Qxf4 Kd3 60. Qh4 e3 61. Qe1 1-0

[Event "ENG-ch U1700 Women"]
[Site "Kenilworth"]
[Date "2025.07.20"]
[Round "5.4"]
[White "Agarwal, Aditi"]
[Black "Bedi, Devina"]
[Result "1-0"]
[WhiteElo "1676"]
[BlackElo "1506"]
[PlyCount "99"]
[EventDate "2025.07.18"]
[EventType "swiss"]
[EventRounds "7"]
[EventCountry "ENG"]
[SourceTitle "BritBase"]
[Source "John Saunders"]
[SourceDate "2025.07.24"]
[SourceVersion "1"]
[SourceVersionDate "2025.07.24"]
[SourceQuality "1"]

1. Nf3 d5 2. g3 c5 3. d3 Nf6 4. Bg2 Nc6 5. Nbd2 e6 6. O-O Bd6 7. Re1 O-O 8. c3 Re8 9. e4 dxe4 10. dxe4 Qc7 11. Nc4 Be7 12. Bf4 Qd7 13. Qxd7 Bxd7 14. Nd6 Bxd6 15. Bxd6 b6 16. e5 Nd5 17. Rad1 c4 18. Ng5 Rac8 19. Bxd5 exd5 20. Rxd5 h6 21. Nf3 Ne7 22. Rd2 Bc6 23. Nd4 Ba8 24. Nb5 Nf5 25. Nxa7 Nxd6 26. Rxd6 Rcd8 27. Nb5 Rxd6 28. Nxd6 Re6 29. Nxc4 Bd5 30. Nd6 Bxa2 31. f4 f6 32. Ra1 fxe5 33. fxe5 Bd5 34. Re1 Re7 35. Nb5 Kf8 36. Nd4 Kf7 37. Nf5 Ra7 38. Nd6+ Kf8 39. e6 Re7 40. Nc8 Rxe6 41. Rxe6 Bxe6 42. Nxb6 Ke7 43. Kf2 Kd6 44. Ke3 Bb3 45. Kd4 Kc6 46. Nc4 Bc2 47. Ne3 Bg6 48. g4 Bf7 49. Nf5 Kb5 50. Nd6+ 1-0

[Event "ENG-ch U1700 Women"]
[Site "Kenilworth"]
[Date "2025.07.20"]
[Round "5.5"]
[White "Mehta, Zara"]
[Black "Prabhakaran, Anvikkashri"]
[Result "0-1"]
[WhiteElo "1429"]
[BlackElo "1633"]
[PlyCount "76"]
[EventDate "2025.07.18"]
[EventType "swiss"]
[EventRounds "7"]
[EventCountry "ENG"]
[SourceTitle "BritBase"]
[Source "John Saunders"]
[SourceDate "2025.07.24"]
[SourceVersion "1"]
[SourceVersionDate "2025.07.24"]
[SourceQuality "1"]

1. d4 e6 2. Bf4 d5 3. e3 Nf6 4. Nf3 Be7 5. Nbd2 O-O 6. c3 c5 7. Bd3 Nc6 8. O-O cxd4 9. exd4 h6 10. Re1 Bd6 11. Ne5 Bd7 12. Nxf7 Rxf7 13. Bxd6 Ne7 14. Be5 Nc6 15. Bb1 Nxe5 16. dxe5 Nh7 17. Qc2 Nf8 18. Re3 Qc7 19. a4 a5 20. Ra3 Rc8 21. Nf3 b5 22. axb5 Bxb5 23. Nh4 Qc4 24. Re1 Qxh4 25. Rxa5 Bd3 26. Qd2 Bxb1 27. Rxb1 Nd7 28. Rba1 Nxe5 29. Ra8 Rxa8 30. Rxa8+ Kh7 31. h3 Rf6 32. Qc2+ Rg6 33. g3 Qxh3 34. Rf8 Ng4 35. f3 Ne3 36. Qf2 Rxg3+ 37. Qxg3 Qxg3+ 38. Kh1 Qg2# 0-1

[Event "ENG-ch U1700 Women"]
[Site "Kenilworth"]
[Date "2025.07.20"]
[Round "5.6"]
[White "Vijay, Kayal"]
[Black "Amudhavel, Aadharshini"]
[Result "0-1"]
[WhiteElo "1561"]
[BlackElo "1573"]
[PlyCount "58"]
[EventDate "2025.07.18"]
[EventType "swiss"]
[EventRounds "7"]
[EventCountry "ENG"]
[SourceTitle "BritBase"]
[Source "John Saunders"]
[SourceDate "2025.07.24"]
[SourceVersion "1"]
[SourceVersionDate "2025.07.24"]
[SourceQuality "1"]

1. d4 d5 2. Nf3 Nc6 3. e3 Nf6 4. a3 Bf5 5. Nh4 Bg6 6. Nxg6 fxg6 7. Bd3 e5 8. c3 Bd6 9. Nd2 O-O 10. O-O e4 11. Bc2 Qd7 12. f3 exf3 13. Nxf3 Rae8 14. b3 Ng4 15. Re1 Ne7 16. e4 dxe4 17. Bxe4 c6 18. c4 Bf4 19. Bxf4 Rxf4 20. d5 cxd5 21. cxd5 Nf6 22. d6 Nxe4 23. dxe7 Qxe7 24. Qd5+ Kh8 25. Rad1 h6 26. Rd4 Kh7 27. Nd2 Nxd2 28. Rd1 Qe1+ 29. Rxe1 Rxe1# 0-1

[Event "ENG-ch U1700 Women"]
[Site "Kenilworth"]
[Date "2025.07.20"]
[Round "5.7"]
[White "Sengenberger, Sara"]
[Black "Tarihalkar, Shrisha"]
[Result "0-1"]
[WhiteElo "1661"]
[BlackElo "977"]
[PlyCount "48"]
[EventDate "2025.07.18"]
[EventType "swiss"]
[EventRounds "7"]
[EventCountry "ENG"]
[SourceTitle "BritBase"]
[Source "John Saunders"]
[SourceDate "2025.07.24"]
[SourceVersion "1"]
[SourceVersionDate "2025.07.24"]
[SourceQuality "1"]

1. e4 c6 2. d4 d5 3. exd5 cxd5 4. Bd3 Nc6 5. c3 Nf6 6. Bf4 e6 7. Nf3 Bd6 8. Bxd6 Qxd6 9. Qe2 O-O 10. Ne5 Bd7 11. Nd2 Rfe8 12. f4 Rad8 13. O-O Bc8 14. Rf3 Nd7 15. Rh3 h6 16. Qh5 Ndxe5 17. fxe5 Qe7 18. Nf3 Bd7 19. g4 f6 20. Rf1 fxe5 21. Nxe5 Nxe5 22. dxe5 Rf8 23. Rxf8+ Rxf8 24. Qg6 Qc5+ 0-1

[Event "ENG-ch U1700 Women"]
[Site "Kenilworth"]
[Date "2025.07.20"]
[Round "5.8"]
[White "Gunarathne, Miheli"]
[Black "Boztas, Lana"]
[Result "1-0"]
[WhiteElo "1492"]
[BlackElo "1616"]
[PlyCount "69"]
[EventDate "2025.07.18"]
[EventType "swiss"]
[EventRounds "7"]
[EventCountry "ENG"]
[SourceTitle "BritBase"]
[Source "John Saunders"]
[SourceDate "2025.07.24"]
[SourceVersion "1"]
[SourceVersionDate "2025.07.24"]
[SourceQuality "1"]

1. e4 c5 2. Nf3 Nc6 3. d4 cxd4 4. Nxd4 d6 5. Nc3 Nf6 6. h3 g6 7. Nf3 Bg7 8. Bc4 O-O 9. O-O a6 10. Bg5 h6 11. Be3 Kh7 12. Qd2 Nd7 13. a3 Nde5 14. Nxe5 Nxe5 15. Bb3 Bd7 16. Rfe1 Rc8 17. Rab1 Nc4 18. Bxc4 Rxc4 19. Qd3 b5 20. Nd5 f5 21. Bb6 Qe8 22. f3 fxe4 23. fxe4 Be5 24. Rf1 e6 25. Rxf8 Qxf8 26. Rf1 Qg7 27. Nb4 a5 28. Bxa5 Bxb2 29. Qxd6 Rxe4 30. Nd3 Bd4+ 31. Kh1 Bf6 32. c3 Rc4 33. Nc5 Bc8 34. Nxe6 Bxe6 35. Qxe6 1-0

[Event "ENG-ch U1700 Women"]
[Site "Kenilworth"]
[Date "2025.07.20"]
[Round "5.9"]
[White "Lu, Mobai"]
[Black "Boozorginia, Zoya"]
[Result "0-1"]
[WhiteElo "1144"]
[BlackElo "1504"]
[PlyCount "150"]
[EventDate "2025.07.18"]
[EventType "swiss"]
[EventRounds "7"]
[EventCountry "ENG"]
[SourceTitle "BritBase"]
[Source "John Saunders"]
[SourceDate "2025.07.24"]
[SourceVersion "1"]
[SourceVersionDate "2025.07.24"]
[SourceQuality "1"]

1. d4 d5 2. c4 e6 3. Nc3 Nf6 4. Bg5 Nbd7 5. e3 a6 6. cxd5 exd5 7. Nf3 h6 8. Bh4 c6 9. Bd3 Be7 10. O-O O-O 11. h3 Re8 12. Rc1 Nf8 13. Ne5 Bd6 14. Bg3 Ne6 15. Qe2 Ng5 16. Rfd1 Nge4 17. Nxe4 dxe4 18. Bc4 Nd5 19. Qh5 Be6 20. Bh2 Rc8 21. a3 Be7 22. Qe2 Bf6 23. Qc2 Bf5 24. Qb3 Re7 25. Be2 Bxe5 26. Bxe5 b5 27. Rc5 Qe8 28. Rdc1 Be6 29. Qc2 Bd7 30. Bd1 Nc7 31. Qe2 Ne6 32. R5c3 c5 33. b3 cxd4 34. exd4 Rxc3 35. Rxc3 Nf8 36. Rg3 Ng6 37. Bd6 Re6 38. Bc5 Nf4 39. Qe3 Nd5 40. Qd2 e3 41. fxe3 Rxe3 42. Rxe3 Qxe3+ 43. Qxe3 Nxe3 44. Kf2 Nxd1+ 45. Ke2 Nb2 46. Kd2 Bf5 47. g4 Bg6 48. d5 Nd3 49. Be7 Ne5 50. Kc3 f5 51. Kd4 Nd7 52. gxf5 Bxf5 53. h4 Kf7 54. Bc5 Kf6 55. Ba7 Kg6 56. d6 Kh5 57. Kd5 Kxh4 58. Kc6 g5 59. Kb7 Kh5 60. Kxa6 Bd3 61. Kb7 Kg6 62. a4 bxa4 63. bxa4 Kf7 64. Kc7 Ke6 65. Kc6 Be4+ 66. Kc7 g4 67. a5 g3 68. Bg1 h5 69. a6 h4 70. a7 h3 71. Bb6 h2 72. a8=Q Bxa8 73. Kd8 h1=Q 74. Bd4 Qb7 75. Ba7 Nc5 0-1

[Event "ENG-ch U1700 Women"]
[Site "Kenilworth"]
[Date "2025.07.20"]
[Round "6.1"]
[White "Singha, Swati"]
[Black "Ravi, Vaishnavi"]
[Result "0-1"]
[WhiteElo "1641"]
[BlackElo "1634"]
[PlyCount "82"]
[EventDate "2025.07.18"]
[EventType "swiss"]
[EventRounds "7"]
[EventCountry "ENG"]
[SourceTitle "BritBase"]
[Source "John Saunders"]
[SourceDate "2025.07.24"]
[SourceVersion "1"]
[SourceVersionDate "2025.07.24"]
[SourceQuality "1"]

1. e4 c5 2. Nc3 Nc6 3. Nf3 g6 4. Bc4 Bg7 5. a3 d6 6. d3 Nf6 7. Bg5 O-O 8. Qd2 a6 9. Bh6 b5 10. Bxg7 Kxg7 11. Ba2 Bb7 12. O-O Rc8 13. Ne2 c4 14. Qg5 e5 15. Ng3 cxd3 16. cxd3 Ng8 17. Qg4 Rc7 18. Rac1 Bc8 19. Qg5 Qxg5 20. Nxg5 Bb7 21. f4 Re7 22. f5 Nf6 23. fxg6 hxg6 24. Rc2 Ng4 25. Rfc1 Rc7 26. Bd5 Rfc8 27. Nf1 Nd4 28. Bxb7 Rxc2 29. Re1 Rc1 30. Nf3 Rxe1 31. Nxd4 Rcc1 32. g3 Rxf1+ 33. Kg2 exd4 34. Bxa6 f5 35. exf5 gxf5 36. Kh3 Kg6 37. Kh4 Rh1 38. h3 Nh2 39. Bb7 Rhe1 40. b3 Re4+ 41. g4 Rg1 0-1

[Event "ENG-ch U1700 Women"]
[Site "Kenilworth"]
[Date "2025.07.20"]
[Round "6.2"]
[White "Burgess, Rose"]
[Black "Agarwal, Aditi"]
[Result "1-0"]
[WhiteElo "1542"]
[BlackElo "1676"]
[PlyCount "93"]
[EventDate "2025.07.18"]
[EventType "swiss"]
[EventRounds "7"]
[EventCountry "ENG"]
[SourceTitle "BritBase"]
[Source "John Saunders"]
[SourceDate "2025.07.24"]
[SourceVersion "1"]
[SourceVersionDate "2025.07.24"]
[SourceQuality "1"]

1. d4 d5 2. Nc3 Nf6 3. Bf4 g6 4. e3 Bg7 5. Bd3 O-O 6. h3 Re8 7. Nf3 Nbd7 8. Nb5 e5 9. dxe5 Nh5 10. Bg5 f6 11. exf6 Bxf6 12. Bxf6 Ndxf6 13. O-O c6 14. Nbd4 c5 15. Nb5 c4 16. Be2 a6 17. Nc3 b5 18. a3 Bb7 19. Nd4 Qe7 20. Bf3 Rad8 21. Re1 Rf8 22. Qe2 Ng7 23. Rad1 Ne4 24. Bxe4 dxe4 25. Qg4 Qf6 26. Re2 Rfe8 27. Red2 Bc8 28. Qe2 Qg5 29. Kh1 Nf5 30. Nxf5 Bxf5 31. Rd5 Qe7 32. R1d4 Rxd5 33. Nxd5 Qf7 34. Nc3 Re7 35. g4 Bc8 36. Nxe4 Rxe4 37. Rxe4 Bb7 38. f3 Bxe4 39. fxe4 Qf6 40. c3 Qh4 41. Kg2 h5 42. Qf2 Qg5 43. Qf4 Qd8 44. gxh5 Qd2+ 45. Qf2 Qxf2+ 46. Kxf2 gxh5 47. Kf3 1-0

[Event "ENG-ch U1700 Women"]
[Site "Kenilworth"]
[Date "2025.07.20"]
[Round "6.3"]
[White "Prabhakaran, Anvikkashri"]
[Black "Tarihalkar, Shrisha"]
[Result "1-0"]
[WhiteElo "1633"]
[BlackElo "977"]
[PlyCount "93"]
[EventDate "2025.07.18"]
[EventType "swiss"]
[EventRounds "7"]
[EventCountry "ENG"]
[SourceTitle "BritBase"]
[Source "John Saunders"]
[SourceDate "2025.07.24"]
[SourceVersion "1"]
[SourceVersionDate "2025.07.24"]
[SourceQuality "1"]

1. d4 Nf6 2. c4 g6 3. Nc3 Bg7 4. Bf4 d6 5. h3 Bf5 6. Nf3 Nbd7 7. e3 O-O 8. Be2 Re8 9. O-O e5 10. Bg5 Qe7 11. d5 c6 12. e4 h6 13. Bxf6 Qxf6 14. exf5 Qxf5 15. dxc6 bxc6 16. Nh2 Qf6 17. Ne4 Qf4 18. Nxd6 Re6 19. Bf3 Bf8 20. Ne4 Rd8 21. Qe2 h5 22. Qe3 Qxe3 23. fxe3 f5 24. Nc3 e4 25. Be2 Bc5 26. Kh1 Bxe3 27. c5 Re5 28. Na4 Nf6 29. b4 Rd4 30. a3 Nd5 31. Rfd1 Nf4 32. Rxd4 Bxd4 33. Bc4+ Kg7 34. Rd1 Bf2 35. Rf1 e3 36. Nf3 Re4 37. Bb3 Kh6 38. Nc3 Re7 39. Kh2 g5 40. g3 Nd3 41. Ne2 f4 42. gxf4 gxf4 43. Bc2 Rd7 44. Rd1 Ne5 45. Nxe5 Re7 46. Rd6+ Kg5 47. Nf3# 1-0

[Event "ENG-ch U1700 Women"]
[Site "Kenilworth"]
[Date "2025.07.20"]
[Round "6.4"]
[White "Patel, Diah"]
[Black "Van Neerven, Yvon"]
[Result "0-1"]
[WhiteElo "1547"]
[BlackElo "1575"]
[PlyCount "58"]
[EventDate "2025.07.18"]
[EventType "swiss"]
[EventRounds "7"]
[EventCountry "ENG"]
[SourceTitle "BritBase"]
[Source "John Saunders"]
[SourceDate "2025.07.24"]
[SourceVersion "1"]
[SourceVersionDate "2025.07.24"]
[SourceQuality "1"]

1. d4 Nf6 2. c4 g6 3. Nc3 Bg7 4. Bg5 O-O 5. e4 d6 6. Nf3 Nbd7 7. Qd2 e5 8. d5 a5 9. Be2 Nc5 10. h3 Qe8 11. Bxf6 Bxf6 12. Qh6 Bg7 13. Qh4 f5 14. Nb5 Qf7 15. exf5 Bxf5 16. g3 Bd3 17. O-O Bxe2 18. Ng5 Bf6 19. f3 Bxg5 20. Qxg5 Bxf1 21. Rxf1 Qf5 22. Qe7 Qxh3 23. Rf2 Qxg3+ 24. Rg2 Qxf3 25. Nxc7 Qe3+ 26. Kh2 Rf7 27. Qxd6 Raf8 28. Ne6 Qh6+ 29. Kg3 Ne4+ 0-1

[Event "ENG-ch U1700 Women"]
[Site "Kenilworth"]
[Date "2025.07.20"]
[Round "6.6"]
[White "Royce, Anastasija"]
[Black "Gunarathne, Miheli"]
[Result "0-1"]
[WhiteElo "1578"]
[BlackElo "1492"]
[PlyCount "118"]
[EventDate "2025.07.18"]
[EventType "swiss"]
[EventRounds "7"]
[EventCountry "ENG"]
[SourceTitle "BritBase"]
[Source "John Saunders"]
[SourceDate "2025.07.24"]
[SourceVersion "1"]
[SourceVersionDate "2025.07.24"]
[SourceQuality "1"]

1. e4 d5 2. e5 c5 3. d4 e6 4. c3 Nc6 5. Nf3 Nge7 6. Be3 cxd4 7. cxd4 Ng6 8. Bb5 Bd7 9. Bxc6 Bxc6 10. Nc3 Bb4 11. O-O O-O 12. a3 Ba5 13. b4 Bb6 14. b5 Bd7 15. a4 Rc8 16. Rc1 h6 17. Ne2 Rxc1 18. Bxc1 Ne7 19. Ba3 Re8 20. Nf4 Ba5 21. Nd3 b6 22. Bb4 Bxb4 23. Nxb4 Qc7 24. Qd2 Rc8 25. Ne1 Qc3 26. Qxc3 Rxc3 27. g4 Ra3 28. Ned3 Rxa4 29. Rc1 Bxb5 30. h3 a5 31. Rb1 axb4 32. Nxb4 Bc4 33. Rb2 b5 34. Nc2 Ra2 35. Rxa2 Bxa2 36. Nb4 Bc4 37. f4 Kf8 38. Kf2 Ke8 39. Kg3 Kd7 40. h4 Nc6 41. Nc2 b4 42. f5 exf5 43. gxf5 b3 44. Na3 Nxd4 45. f6 gxf6 46. exf6 Ke6 47. Kf4 b2 48. Ke3 Ba2 49. Kxd4 b1=Q 50. Nxb1 Bxb1 51. h5 Kxf6 52. Kxd5 Kg5 53. Ke5 f5 54. Kd4 Kg4 55. Ke3 Kg3 56. Ke2 f4 57. Kf1 f3 58. Ke1 Kg2 59. Kd1 f2 0-1

[Event "ENG-ch U1700 Women"]
[Site "Kenilworth"]
[Date "2025.07.20"]
[Round "6.7"]
[White "Boozorginia, Zoya"]
[Black "Sengenberger, Sara"]
[Result "1-0"]
[WhiteElo "1504"]
[BlackElo "1661"]
[PlyCount "57"]
[EventDate "2025.07.18"]
[EventType "swiss"]
[EventRounds "7"]
[EventCountry "ENG"]
[SourceTitle "BritBase"]
[Source "John Saunders"]
[SourceDate "2025.07.24"]
[SourceVersion "1"]
[SourceVersionDate "2025.07.24"]
[SourceQuality "1"]

1. e4 e6 2. d4 d5 3. e5 Bd7 4. Nf3 a6 5. c4 dxc4 6. Bxc4 Bc6 7. a3 Ne7 8. Nc3 Nd7 9. Bg5 Nb6 10. Bxe7 Bxe7 11. Bb3 Nd5 12. O-O O-O 13. Qd2 b5 14. Rac1 Bb7 15. Nxd5 exd5 16. Qa5 Rc8 17. Rc3 c5 18. Qxd8 Rfxd8 19. dxc5 d4 20. Rd3 Bxc5 21. Ng5 Rc7 22. Rc1 Rdc8 23. e6 f6 24. e7+ Kh8 25. Nf7+ Kg8 26. Nd6+ Kh8 27. Nxc8 Rxc8 28. Rxc5 Re8 29. Rc7 1-0

[Event "ENG-ch U1700 Women"]
[Site "Kenilworth"]
[Date "2025.07.20"]
[Round "6.8"]
[White "Boztas, Lana"]
[Black "Vijay, Kayal"]
[Result "0-1"]
[WhiteElo "1616"]
[BlackElo "1561"]
[PlyCount "124"]
[EventDate "2025.07.18"]
[EventType "swiss"]
[EventRounds "7"]
[EventCountry "ENG"]
[SourceTitle "BritBase"]
[Source "John Saunders"]
[SourceDate "2025.07.24"]
[SourceVersion "1"]
[SourceVersionDate "2025.07.24"]
[SourceQuality "1"]

1. c4 e6 2. Nc3 d5 3. cxd5 exd5 4. d4 Nf6 5. g3 Be7 6. Bg2 O-O 7. Nf3 b6 8. Bd2 Bb7 9. Rc1 c5 10. O-O Ne4 11. Be3 Nd7 12. Nxe4 dxe4 13. Nd2 f5 14. Nc4 cxd4 15. Bxd4 Bf6 16. Bxf6 Nxf6 17. Qb3 Kh8 18. Rfd1 Qe7 19. Ne3 Nh5 20. Rc2 f4 21. Nd5 Bxd5 22. Rxd5 Nf6 23. Rd4 fxg3 24. hxg3 Rac8 25. Rdc4 Rxc4 26. Qxc4 h6 27. Rd2 e3 28. Rd3 exf2+ 29. Kf1 Re8 30. Bf3 Qe6 31. Qxe6 Rxe6 32. Kxf2 Kh7 33. a4 h5 34. b4 a5 35. b5 g5 36. Bc6 Ng4+ 37. Ke1 Ne5 38. Be4+ Kh6 39. Rd8 Nf7 40. Rf8 Rxe4 41. Rxf7 Re6 42. Rc7 Rg6 43. e3 h4 44. g4 Rf6 45. Rc6 Kg7 46. Ke2 h3 47. Rc1 Rh6 48. Rh1 Kf6 49. Kd3 Ke5 50. Rh2 Kd5 51. e4+ Ke5 52. Ke3 Rh7 53. Kd3 Kf4 54. Kd4 Rd7+ 55. Kc4 Kxg4 56. e5 Kg3 57. Re2 h2 58. Re1 Kf2 59. e6 Re7 60. Rh1 Kg2 61. Re1 h1=Q 62. Rxh1 Kxh1 0-1

[Event "ENG-ch U1700 Women"]
[Site "Kenilworth"]
[Date "2025.07.21"]
[Round "7.1"]
[White "Ravi, Vaishnavi"]
[Black "Burgess, Rose"]
[Result "1/2-1/2"]
[WhiteElo "1634"]
[BlackElo "1542"]
[PlyCount "80"]
[EventDate "2025.07.18"]
[EventType "swiss"]
[EventRounds "7"]
[EventCountry "ENG"]
[SourceTitle "BritBase"]
[Source "John Saunders"]
[SourceDate "2025.07.24"]
[SourceVersion "1"]
[SourceVersionDate "2025.07.24"]
[SourceQuality "1"]

1. e4 e5 2. Nc3 Nc6 3. Bc4 Nf6 4. d3 h6 5. Be3 Bb4 6. a3 Ba5 7. Nf3 d6 8. O-O Bg4 9. b4 Bb6 10. Nd5 Bd4 11. c3 Nxd5 12. Bxd5 Bxc3 13. Bxc6+ bxc6 14. Rc1 Bd4 15. Bxd4 exd4 16. Rxc6 Bxf3 17. Qxf3 O-O 18. Rfc1 Rc8 19. Qf5 Re8 20. f4 Re6 21. Rf1 Qd7 22. Rfc1 Qd8 23. Qd5 Rf6 24. f5 g6 25. g4 gxf5 26. gxf5 h5 27. Qxd4 Rh6 28. Kh1 Rh7 29. f6 Qd7 30. Qxa7 Rh6 31. Qg1+ Rg6 32. Qf2 Kh7 33. Qf5 Qxf5 34. exf5 Rxf6 35. Rxc7 Rg8 36. Rg1 Ra8 37. Ra1 Rxf5 38. a4 Rf2 39. a5 Re8 40. a6 Ree2 1/2-1/2

[Event "ENG-ch U1700 Women"]
[Site "Kenilworth"]
[Date "2025.07.21"]
[Round "7.2"]
[White "Prabhakaran, Anvikkashri"]
[Black "Singha, Swati"]
[Result "0-1"]
[WhiteElo "1633"]
[BlackElo "1641"]
[PlyCount "118"]
[EventDate "2025.07.18"]
[EventType "swiss"]
[EventRounds "7"]
[EventCountry "ENG"]
[SourceTitle "BritBase"]
[Source "John Saunders"]
[SourceDate "2025.07.24"]
[SourceVersion "1"]
[SourceVersionDate "2025.07.24"]
[SourceQuality "1"]

1. d4 d5 2. c4 c6 3. Nc3 Nf6 4. Nf3 e6 5. Bf4 h6 6. e3 Nbd7 7. c5 Nh5 8. Bg3 Nxg3 9. hxg3 b6 10. b4 bxc5 11. bxc5 Qa5 12. Qc2 Be7 13. Bd3 Bf6 14. O-O e5 15. Be2 e4 16. Nd2 O-O 17. Nb3 Qc7 18. a4 a5 19. Rab1 Nb8 20. Na2 Ba6 21. Bxa6 Nxa6 22. Qd2 Nb8 23. Nc3 Bg5 24. Ne2 h5 25. Nf4 h4 26. gxh4 Bxh4 27. Rb2 Bg5 28. Ne2 f5 29. g3 Rf6 30. Kg2 Rh6 31. Rh1 Rxh1 32. Kxh1 Kf7 33. Kg2 Nd7 34. Rb1 Nf6 35. Nf4 Ng4 36. Rh1 Bd8 37. Rh7 Qb7 38. Nc1 Bf6 39. Rh5 Nh6 40. Rh1 Qa6 41. Nb3 Bg5 42. Rc1 Bd8 43. Qd1 g6 44. Qh1 Bg5 45. Nh3 Bxe3 46. fxe3 Qe2+ 47. Nf2 Rh8 48. Kg1 Qxe3 49. Rb1 Qxg3+ 50. Qg2 Qe3 51. Kf1 Rb8 52. Qh2 Rb7 53. Qh3 Qf4 54. Qg2 e3 55. Rb2 Ng4 56. Kg1 Nxf2 57. Rxf2 Qxf2+ 58. Qxf2 exf2+ 59. Kxf2 Rxb3 0-1

[Event "ENG-ch U1700 Women"]
[Site "Kenilworth"]
[Date "2025.07.21"]
[Round "7.3"]
[White "Van Neerven, Yvon"]
[Black "Boozorginia, Zoya"]
[Result "1-0"]
[WhiteElo "1575"]
[BlackElo "1504"]
[PlyCount "85"]
[EventDate "2025.07.18"]
[EventType "swiss"]
[EventRounds "7"]
[EventCountry "ENG"]
[SourceTitle "BritBase"]
[Source "John Saunders"]
[SourceDate "2025.07.24"]
[SourceVersion "1"]
[SourceVersionDate "2025.07.24"]
[SourceQuality "1"]

1. Nf3 d5 2. g3 Nf6 3. Bg2 e6 4. O-O Nbd7 5. d3 a6 6. Nbd2 c6 7. e4 Be7 8. Re1 O-O 9. e5 Ne8 10. Nf1 c5 11. h4 h6 12. N1h2 f6 13. Ng4 fxe5 14. Nfxe5 Nxe5 15. Nxe5 Bf6 16. Ng6 Rf7 17. Qh5 Nd6 18. g4 Qb6 19. c3 Bd7 20. g5 Bd8 21. gxh6 gxh6 22. b3 Nf5 23. Ne5 Rg7 24. Nxd7 Rxd7 25. Qe8+ Kh7 26. Qxd7+ Ng7 27. c4 Bxh4 28. Bb2 Rg8 29. Bxg7 Rxg7 30. Qxe6 Qd8 31. Qxd5 Qf6 32. Qxc5 Rf7 33. Rf1 Qg7 34. Qd5 Bxf2+ 35. Rxf2 Qxa1+ 36. Rf1 Rxf1+ 37. Bxf1 Qg7+ 38. Bg2 Qa1+ 39. Kh2 Qg7 40. Qxb7 Qxb7 41. Bxb7 Kg7 42. c5 Kf7 43. c6 1-0

[Event "ENG-ch U1700 Women"]
[Site "Kenilworth"]
[Date "2025.07.21"]
[Round "7.4"]
[White "Agarwal, Aditi"]
[Black "Gunarathne, Miheli"]
[Result "0-1"]
[WhiteElo "1676"]
[BlackElo "1492"]
[PlyCount "60"]
[EventDate "2025.07.18"]
[EventType "swiss"]
[EventRounds "7"]
[EventCountry "ENG"]
[SourceTitle "BritBase"]
[Source "John Saunders"]
[SourceDate "2025.07.24"]
[SourceVersion "1"]
[SourceVersionDate "2025.07.24"]
[SourceQuality "1"]

1. Nf3 d5 2. g3 c5 3. d3 Nc6 4. Bg2 e5 5. Nbd2 Be7 6. e4 d4 7. O-O Be6 8. Qe2 Qc7 9. c3 h5 10. h4 f6 11. a4 Nh6 12. Nc4 Nf7 13. Nh2 g5 14. f4 gxh4 15. gxh4 Nd6 16. f5 Bf7 17. Bf3 Nxc4 18. dxc4 Na5 19. cxd4 cxd4 20. Bd2 Nb3 21. Ra3 Bxa3 22. bxa3 Qxc4 23. Qxc4 Bxc4 24. Rf2 Nxd2 25. Rxd2 Rc8 26. Rc2 Kd7 27. Nf1 Bxf1 28. Rxc8 Rxc8 29. Kxf1 Rc3 30. Bxh5 Rh3 0-1

[Event "ENG-ch U1700 Women"]
[Site "Kenilworth"]
[Date "2025.07.21"]
[Round "7.5"]
[White "Ou, Siyuan"]
[Black "Vijay, Kayal"]
[Result "1/2-1/2"]
[WhiteElo "1631"]
[BlackElo "1561"]
[PlyCount "102"]
[EventDate "2025.07.18"]
[EventType "swiss"]
[EventRounds "7"]
[EventCountry "ENG"]
[SourceTitle "BritBase"]
[Source "John Saunders"]
[SourceDate "2025.07.24"]
[SourceVersion "1"]
[SourceVersionDate "2025.07.24"]
[SourceQuality "1"]

1. e4 d5 2. exd5 Nf6 3. g3 Nxd5 4. c4 Nf6 5. Bg2 Nc6 6. d4 Nxd4 7. Nf3 Nxf3+ 8. Bxf3 Qxd1+ 9. Bxd1 Bf5 10. O-O O-O-O 11. Nc3 Bd3 12. Be2 Bxe2 13. Nxe2 e6 14. b3 Ne4 15. Be3 Bc5 16. Bxc5 Nxc5 17. Rfd1 Rhf8 18. Nc3 e5 19. f3 f5 20. Rd5 Rxd5 21. Nxd5 c6 22. Ne3 g6 23. h3 Rd8 24. Nf1 e4 25. f4 Rd3 26. Kf2 h6 27. Re1 g5 28. Ne3 Rd2+ 29. Re2 Nd3+ 30. Kf1 Rxe2 31. Kxe2 gxf4 32. Nxf5 f3+ 33. Ke3 f2 34. Ke2 h5 35. Nd6+ Kd7 36. Nxe4 Nc1+ 37. Kxf2 Ke6 38. Nc5+ Kf5 39. Nxb7 Nxa2 40. Na5 Nc1 41. Nxc6 Nxb3 42. Nxa7 Nd2 43. c5 Ne4+ 44. Kf3 Nxc5 45. Nb5 Kg5 46. Nc3 Ne6 47. Ne2 Kf5 48. h4 Ng7 49. Nf4 Kf6 50. Nd5+ Kf5 51. Nf4 Kf6 1/2-1/2

[Event "ENG-ch U1700 Women"]
[Site "Kenilworth"]
[Date "2025.07.21"]
[Round "7.6"]
[White "Amudhavel, Aadharshini"]
[Black "Patel, Diah"]
[Result "0-1"]
[WhiteElo "1573"]
[BlackElo "1547"]
[PlyCount "76"]
[EventDate "2025.07.18"]
[EventType "swiss"]
[EventRounds "7"]
[EventCountry "ENG"]
[SourceTitle "BritBase"]
[Source "John Saunders"]
[SourceDate "2025.07.24"]
[SourceVersion "1"]
[SourceVersionDate "2025.07.24"]
[SourceQuality "1"]

1. e4 c6 2. d4 d5 3. exd5 cxd5 4. Nf3 Nf6 5. Nc3 h6 6. Bf4 Bf5 7. Bd3 Bxd3 8. Qxd3 a6 9. O-O e6 10. Rfe1 Be7 11. Na4 Nbd7 12. c4 dxc4 13. Qxc4 b5 14. Qb3 bxa4 15. Qxa4 O-O 16. Rac1 Nd5 17. Bd2 Qe8 18. h3 Ne5 19. Qb3 Rb8 20. Qd1 Nd3 21. Ne5 Nxe1 22. Qxe1 Rxb2 23. Ng4 Qa8 24. Qd1 Bg5 25. Bxg5 hxg5 26. Qf3 Qb7 27. Qd1 Nf4 28. f3 Ne2+ 29. Kh2 Nxc1 30. Qxc1 f6 31. Qe3 Qc7+ 32. Kh1 Rb1+ 33. Qg1 Rxg1+ 34. Kxg1 Qg3 35. Kf1 Rc8 36. Ke2 Qxg2+ 37. Ke3 Rc3+ 38. Ke4 Qxf3# 0-1